[Event "16th ch-EUR Indiv w 2015"]
[Site "Chakvi GEO"]
[Date "2015.05.27"]
[Round "8.14"]
[White "Lomineishvili, Maia"]
[Black "Galliamova, Alisa"]
[Result "1/2-1/2"]
[WhiteTitle "IM"]
[BlackTitle "IM"]
[WhiteElo "2364"]
[BlackElo "2478"]
[WhiteFideId "13600656"]
[BlackFideId "4129725"]
[EventDate "2015.05.19"]

1. d4 d5 2. c4 dxc4 3. Nf3 Nf6 4. e3 e6 5. Bxc4 c5 6. O-O a6 7. a4 Nc6 8. Qe2
Qc7 9. Nc3 Be7 10. Bd2 O-O 11. Rac1 b6 12. d5 exd5 13. Nxd5 Nxd5 14. Bxd5 Qd6
15. e4 Be6 16. Bc3 Bxd5 17. Rcd1 Qe6 18. Rxd5 Rfe8 19. Rfd1 h6 20. Qd3 Bf8 21.
Re1 Reb8 22. Nh4 b5 23. Nf5 g6 24. Nd6 c4 25. Qg3 Rd8 26. Red1 b4 27. Be1 Bxd6
28. Rxd6 Rxd6 29. Qxd6 Qxe4 30. f3 Qe8 31. Qf4 c3 32. bxc3 b3 33. c4 Qe5 34.
Qxe5 Nxe5 35. Rb1 Nd3 36. Kf1 Rb8 37. Bg3 Rb7 38. Bd6 b2 39. Ke2 Rb3 40. Kd2 Nb4
41. Be5 Rd3+ 42. Ke2 Ra3 43. Rxb2 Rxa4 44. Bc3 a5 45. Bxb4 axb4 46. Kd3 Kf8 47.
c5 Ke7 48. Kc4 Kd7 49. Kb5 Ra8 50. Rd2+ Kc7 51. Kxb4 Ra1 52. Kc4 h5 53. Kd5 Ra6
54. Rb2 Rf6 55. Ra2 Rf5+ 56. Kc4 g5 57. Kb5 Kb7 58. Re2 Kc7 59. Re7+ Kd8 60. Re4
Kc7 61. h3 Kb7 62. Re7+ Kc8 63. Kb6 Kd8 64. Ra7 Rf4 65. c6 Rb4+ 66. Kc5 Rb2 67.
g4 hxg4 68. hxg4 Rc2+ 69. Kd6 Rd2+ 70. Ke5 Re2+ 71. Kf5 Re3 72. Rxf7 Rxf3+ 73.
Kg6 Rf4 74. Rd7+ Ke8 75. Kxg5 Rc4 76. Rd6 Ke7 77. Rh6 Rc5+ 78. Kh4 Rc1 79. c7
Kf7 80. Rh7+ Kg6 81. Rd7 Rc3 82. Re7 Kf6 83. Rh7 Kg6 84. Rd7 Kf6 85. Rd6+ Kg7
86. Rd7+ Kf6 87. g5+ Kg6 88. Rd6+ Kg7 89. Rd7+ Kg6 90. Kg4 Rc4+ 91. Kf3 Kxg5 92.
Ke3 Kf6 93. Kd3 Ke6 94. Rh7 Rc1 95. Kd4 Kd6 96. Ke4 1/2-1/2

[Event "16th ch-EUR Indiv w 2015"]
[Site "Chakvi GEO"]
[Date "2015.05.27"]
[Round "8.15"]
[White "Goryachkina, Aleksandra"]
[Black "Belenkaya, Dina"]
[Result "1-0"]
[WhiteTitle "WGM"]
[BlackTitle "WFM"]
[WhiteElo "2474"]
[BlackElo "2235"]
[WhiteFideId "4147103"]
[BlackFideId "24142654"]
[EventDate "2015.05.19"]

1. d4 d5 2. c4 dxc4 3. Nf3 Nf6 4. e3 e6 5. Bxc4 a6 6. O-O c5 7. dxc5 Qxd1 8.
Rxd1 Bxc5 9. Be2 Nbd7 10. Nd4 O-O 11. Nc3 Nb6 12. Nb3 Be7 13. e4 Bb4 14. f3 e5
15. Be3 Bxc3 16. bxc3 Na4 17. Rdc1 Be6 18. Na5 Rfc8 19. Nxb7 Nxc3 20. Bf1 Nxa2
21. Rxc8+ Bxc8 22. Nc5 Nb4 23. Rd1 Be6 24. Nxe6 fxe6 25. Bc4 Kf7 26. Rd6 Rc8 27.
Bxe6+ Ke7 28. Rb6 Rc6 29. Rxc6 Nxc6 30. Bc4 a5 31. Bc5+ Kd7 32. Bf8 Ne8 33. h4
Nd4 34. Kf2 Ne6 35. Ba3 Nd6 36. Bb3 Nd4 37. Ba4+ Ke6 38. Bb2 Kf6 39. Bc3 Nc4 40.
f4 Nb6 41. fxe5+ Kxe5 42. Bc2 Nc4 43. Bd3 a4 44. Bxc4 Kxe4 45. Bg8 h6 46. Bh7+
Kd5 47. Ke3 Ne6 48. Bg8 g6 49. Bf7 g5 50. h5 a3 51. Bxe6+ Kxe6 52. Ke4 1-0

[Event "16th ch-EUR Indiv w 2015"]
[Site "Chakvi GEO"]
[Date "2015.05.27"]
[Round "8.16"]
[White "Gevorgyan, Maria"]
[Black "Khurtsidze, Nino"]
[Result "1/2-1/2"]
[WhiteTitle "WFM"]
[BlackTitle "IM"]
[WhiteElo "2190"]
[BlackElo "2451"]
[WhiteFideId "13300270"]
[BlackFideId "13600320"]
[EventDate "2015.05.19"]

1. e4 c5 2. Nc3 Nc6 3. Bb5 Nd4 4. Bc4 e6 5. Nge2 Nf6 6. O-O a6 7. d3 b5 8. Bb3
Nxb3 9. axb3 b4 10. Na4 Bb7 11. Bg5 Qc7 12. f4 d5 13. Ng3 dxe4 14. Bxf6 gxf6 15.
dxe4 Bd6 16. Qc1 h5 17. Qe3 h4 18. e5 hxg3 19. exd6 Qc6 20. d7+ Kd8 21. Rf3
gxh2+ 22. Kh1 Kxd7 23. Nxc5+ Ke8 24. Nxb7 Qxb7 25. Qd4 Ke7 26. Qc5+ Ke8 27. Rd1
Rc8 28. Qd6 Qc6 29. Qxb4 Qxc2 30. Qd4 Rg8 31. Rf2 Qc5 32. Qd7+ Kf8 33. Rf3 Rb8
34. Rc3 Qe7 35. Kxh2 Qxd7 36. Rxd7 Kg7 37. Rg3+ Kf8 38. Rc3 Kg7 39. Rg3+ Kf8 40.
Rc3 1/2-1/2

[Event "16th ch-EUR Indiv w 2015"]
[Site "Chakvi GEO"]
[Date "2015.05.27"]
[Round "8.17"]
[White "Sedina, Elena"]
[Black "Zawadzka, Jolanta"]
[Result "0-1"]
[WhiteTitle "IM"]
[BlackTitle "WGM"]
[WhiteElo "2312"]
[BlackElo "2434"]
[WhiteFideId "812153"]
[BlackFideId "1122320"]
[EventDate "2015.05.19"]

1. e4 c5 2. Nf3 Nc6 3. Bb5 d6 4. O-O Bd7 5. Re1 Nf6 6. c3 a6 7. Bf1 Bg4 8. h3
Bxf3 9. Qxf3 g6 10. d3 Bg7 11. Be3 Nd7 12. Nd2 O-O 13. Qd1 b5 14. Nf3 Rb8 15. d4
Qc7 16. Rc1 Rfc8 17. Qd2 a5 18. a3 a4 19. Bg5 Re8 20. h4 Na5 21. Rcd1 Nb3 22.
Qe3 Nf8 23. Bh6 b4 24. Bxg7 Kxg7 25. dxc5 dxc5 26. h5 bxa3 27. bxa3 c4 28. e5
Ne6 29. h6+ Kg8 30. Qe4 Rec8 31. Rd5 Qb7 32. Red1 Nbc5 33. Qxc4 Qb2 34. Qh4 Re8
35. Ng5 Qxa3 36. Bc4 Nxg5 37. Qxg5 Ne6 38. Qe3 Rec8 39. Ba6 Rc7 40. Rd7 Qb3 41.
Qd3 Rxd7 42. Qxd7 a3 43. Rf1 a2 44. Qa7 Rd8 45. Be2 Rd2 46. Qa6 Qb2 47. Bc4 Rxf2
48. Qc8+ Nf8 49. Rxf2 a1=Q+ 50. Rf1 Qa7+ 51. Kh1 e6 52. Bxe6 Qd2 53. Rxf7 Qxh6+ 0-1

[Event "16th ch-EUR Indiv w 2015"]
[Site "Chakvi GEO"]
[Date "2015.05.27"]
[Round "8.18"]
[White "Imnadze, Nato"]
[Black "Ziaziulkina, Nastassia"]
[Result "0-1"]
[WhiteTitle "WIM"]
[BlackTitle "IM"]
[WhiteElo "2196"]
[BlackElo "2423"]
[WhiteFideId "13600974"]
[BlackFideId "13505211"]
[EventDate "2015.05.19"]

1. e4 c5 2. Nc3 d6 3. Nf3 Nf6 4. d4 cxd4 5. Nxd4 a6 6. Bc4 e6 7. O-O Be7 8. Bb3
O-O 9. Re1 Nbd7 10. Bxe6 fxe6 11. Nxe6 Qb6 12. Nxf8 Nxf8 13. Be3 Qxb2 14. Bd4
Qb4 15. Nd5 Nxd5 16. exd5 Ng6 17. c3 Qc4 18. Qh5 Bd7 19. Re4 Bf6 20. Rae1 Bxd4
21. cxd4 Qxa2 22. Qg5 Rf8 23. R1e2 Qc4 24. h4 Bf5 25. Re8 Bd7 26. R8e4 Rf5 27.
Qg4 Qxd5 28. h5 Nf8 29. h6 Rg5 30. Qf4 gxh6 31. g3 Bc6 32. f3 Qf5 33. d5 Bxd5
34. Qxf5 Rxf5 35. Re8 Bxf3 36. Rf2 h5 37. Re7 b5 38. Rc2 Rc5 39. Ra2 Ng6 40. Rd7
Rc6 41. Ra7 Ne5 42. R7xa6 Rxa6 43. Rxa6 Nc4 44. Ra7 d5 45. Rb7 Na3 46. Kf2 Be4
47. Ke3 Bg6 48. Kd4 Bf7 49. Kc5 Kg7 50. Ra7 Nc4 51. Kxb5 Nd6+ 52. Kc6 Ne4 53.
Ra3 Be6 54. Ra7+ Kg6 55. Ra3 Kf6 56. Ra7 Bf7 57. Ra3 Ke5 58. Ra7 Be8+ 59. Kb6
Bg6 60. Ra3 d4 61. Ka5 Nd6 62. Kb4 d3 63. Ra2 Kd4 64. Rg2 Ne4 65. Kb3 Ke3 66.
Rg1 d2 0-1

[Event "16th ch-EUR Indiv w 2015"]
[Site "Chakvi GEO"]
[Date "2015.05.27"]
[Round "8.19"]
[White "Atalik, Ekaterina"]
[Black "Fataliyeva, Ulviyya"]
[Result "1-0"]
[WhiteTitle "IM"]
[BlackTitle "WIM"]
[WhiteElo "2392"]
[BlackElo "2331"]
[WhiteFideId "4130189"]
[BlackFideId "13403052"]
[EventDate "2015.05.19"]

1. d4 e6 2. c4 Nf6 3. Nf3 d5 4. Nc3 Bb4 5. Qa4+ Nc6 6. a3 Bxc3+ 7. bxc3 Bd7 8.
Qc2 dxc4 9. Bg5 Na5 10. e4 Qc8 11. Rd1 b5 12. Be2 h6 13. Bh4 Qa6 14. Ne5 Nb3 15.
Bf3 g5 16. Bg3 Qxa3 17. Nxd7 Nxd7 18. Bxc7 Rc8 19. Bg3 Qa4 20. Qe2 b4 21. O-O
bxc3 22. Qc2 Qb4 23. h3 a5 24. Rfe1 a4 25. e5 a3 26. d5 Ndc5 27. Bh5 Nd3 28.
Rxd3 cxd3 29. Qxd3 Nd4 30. dxe6 c2 31. exf7+ Kf8 32. Rc1 Qb2 33. Kh2 Rc6 34. e6
Rxe6 35. Rxc2 Nxc2 36. Qd8+ Kg7 37. Qxh8+ Kxh8 38. f8=Q+ Kh7 39. Qf5+ 1-0

[Event "16th ch-EUR Indiv w 2015"]
[Site "Chakvi GEO"]
[Date "2015.05.27"]
[Round "8.20"]
[White "Stetsko, Lanita"]
[Black "Arakhamia-Grant, Ketevan"]
[Result "1-0"]
[WhiteTitle "FM"]
[BlackTitle "GM"]
[WhiteElo "2286"]
[BlackElo "2393"]
[WhiteFideId "13505300"]
[BlackFideId "13600168"]
[EventDate "2015.05.19"]

1. e4 c5 2. Nf3 e6 3. Nc3 Nc6 4. d4 cxd4 5. Nxd4 Qc7 6. f4 Nxd4 7. Qxd4 a6 8.
Be3 b5 9. O-O-O Bb7 10. Bd3 Nf6 11. e5 Ng4 12. Ne4 Nxe3 13. Qxe3 Be7 14. Rhe1
Rc8 15. Qg3 g6 16. Nd6+ Bxd6 17. exd6 Qd8 18. f5 gxf5 19. Qg7 Rf8 20. Bxf5 Rc5
21. Bxe6 dxe6 22. Rxe6+ Kd7 23. Re7+ Kc6 24. Qd4 1-0

[Event "16th ch-EUR Indiv w 2015"]
[Site "Chakvi GEO"]
[Date "2015.05.27"]
[Round "8.21"]
[White "Matveeva, Svetlana"]
[Black "Ibrahimova, Sabina"]
[Result "1-0"]
[WhiteTitle "IM"]
[BlackTitle "WIM"]
[WhiteElo "2380"]
[BlackElo "2272"]
[WhiteFideId "4119827"]
[BlackFideId "13403893"]
[EventDate "2015.05.19"]

1. d4 Nf6 2. c4 g6 3. Nf3 Bg7 4. g3 d6 5. Bg2 O-O 6. O-O Nc6 7. d5 Na5 8. Nfd2
c5 9. a3 b5 10. cxb5 c4 11. a4 Bb7 12. Nc3 Nd7 13. Ra3 Nc5 14. Nde4 Ncb3 15. Be3
h6 16. Qc2 Qd7 17. Rd1 a6 18. b6 Rfd8 19. Na2 e5 20. Bxh6 Nd4 21. Rxd4 exd4 22.
Bxg7 Kxg7 23. Qd2 Nb3 24. Rxb3 cxb3 25. Qxd4+ Kf8 26. Nac3 Rac8 27. Qh8+ Ke7 28.
Qh4+ Kf8 29. Qh6+ Ke7 30. Bh3 Qe8 31. Qh4+ Kf8 32. Qh8+ Ke7 33. Qf6+ Kf8 34.
Bxc8 Bxc8 35. Nxd6 Qd7 36. Nxf7 1-0

[Event "16th ch-EUR Indiv w 2015"]
[Site "Chakvi GEO"]
[Date "2015.05.27"]
[Round "8.22"]
[White "Hojjatova, Aydan"]
[Black "Zimina, Olga"]
[Result "0-1"]
[WhiteTitle "WFM"]
[BlackTitle "IM"]
[WhiteElo "2168"]
[BlackElo "2339"]
[WhiteFideId "13401491"]
[BlackFideId "4132190"]
[EventDate "2015.05.19"]

1. e4 e5 2. Nf3 Nc6 3. Nc3 Nf6 4. Bb5 Bd6 5. O-O O-O 6. d3 h6 7. Re1 Re8 8. h3
a6 9. Bxc6 dxc6 10. d4 exd4 11. Qxd4 Be7 12. Qxd8 Bxd8 13. Bf4 Nd7 14. Rad1 Nc5
15. Nd4 Bf6 16. e5 Be7 17. Be3 a5 18. f4 f5 19. Kh2 Rf8 20. Rg1 Ne6 21. Nce2 h5
22. Nxe6 Bxe6 23. g4 fxg4 24. Nd4 Bc8 25. e6 c5 26. Nb5 Ra6 27. Nxc7 Rc6 28. Nd5
Rxe6 29. hxg4 Bd6 30. Rde1 hxg4 31. Rgf1 Rh6+ 32. Kg2 Bf5 33. Bd2 Kf7 34. Bxa5
Rfh8 35. Bc3 Rh2+ 36. Kg1 c4 37. Bd4 Rh1+ 38. Kg2 R8h2+ 39. Kg3 Rh3+ 40. Kg2
R1h2+ 41. Kg1 Rd2 42. Rd1 Rg3+ 0-1

[Event "16th ch-EUR Indiv w 2015"]
[Site "Chakvi GEO"]
[Date "2015.05.27"]
[Round "8.23"]
[White "Kursova, Maria"]
[Black "Mammadzada, Gunay"]
[Result "0-1"]
[WhiteTitle "WGM"]
[BlackTitle "WGM"]
[WhiteElo "2267"]
[BlackElo "2336"]
[WhiteFideId "4129709"]
[BlackFideId "13403729"]
[EventDate "2015.05.19"]

1. d4 d5 2. c4 c6 3. Nc3 Nf6 4. e3 a6 5. Nf3 b5 6. b3 Bg4 7. Qc2 e6 8. Ne5 Bf5
9. Bd3 Bxd3 10. Nxd3 Nbd7 11. O-O Bd6 12. c5 Be7 13. a4 O-O 14. Bd2 Qc7 15. f4
Ne4 16. Ra2 Nxd2 17. Qxd2 b4 18. Nb1 a5 19. Qd1 Rae8 20. Raf2 f6 21. Nd2 Qb8 22.
e4 dxe4 23. Nxe4 Rd8 24. Qc2 Rfe8 25. Qc4 Kh8 26. Re2 Nf8 27. Nd2 Rd5 28. Nf3
Bd8 29. Rfe1 Bc7 30. g3 Qc8 31. Kg2 Ng6 32. f5 Nf8 33. fxe6 Rxe6 34. Nf2 Rxe2
35. Qxe2 Kg8 36. Nd1 Rd8 37. Nb2 Qf5 38. Nc4 Rd7 39. Rc1 Qe6 40. Qxe6+ Nxe6 41.
Kf2 g5 42. Re1 Kf7 43. g4 Nf4 44. Re4 Nd3+ 45. Ke2 Nf4+ 46. Kd2 Kg6 47. Re8 h5
48. Ne3 hxg4 49. Nxg4 Rd8 50. Re1 Nd5 51. Kd3 Kf5 52. Nh6+ Kg6 53. Ng4 Kh5 54.
h3 Kg6 55. Rf1 Rh8 56. Ng1 Nf4+ 57. Kc4 Re8 58. Rd1 f5 59. Ne5+ Bxe5 60. Re1 g4
61. hxg4 fxg4 62. dxe5 Kf5 63. Ne2 Nxe2 64. Rxe2 Rxe5 65. Rf2+ Ke6 66. Rf8 Rg5
67. Rc8 Kd7 68. Rf8 g3 69. Rf1 g2 70. Rg1 Ke6 71. Kd4 Kf5 0-1

[Event "16th ch-EUR Indiv w 2015"]
[Site "Chakvi GEO"]
[Date "2015.05.27"]
[Round "8.24"]
[White "Gvetadze, Sofio"]
[Black "Mammadova, Narmin"]
[Result "0-1"]
[WhiteTitle "IM"]
[BlackTitle "WCM"]
[WhiteElo "2319"]
[BlackElo "2117"]
[WhiteFideId "13601440"]
[BlackFideId "13403710"]
[EventDate "2015.05.19"]

1. e4 e6 2. d4 d5 3. Nd2 dxe4 4. Nxe4 Nd7 5. Nf3 Ngf6 6. Bd3 Nxe4 7. Bxe4 Nf6 8.
Bd3 c5 9. O-O cxd4 10. Nxd4 Bc5 11. Nb3 Be7 12. Bf4 O-O 13. Qe2 Bd7 14. Rad1 Qb6
15. Be5 Rfd8 16. Nd4 Rac8 17. c3 Be8 18. Rfe1 Rc5 19. Nf3 Rcd5 20. c4 R5d7 21.
h3 Bc5 22. Rf1 Bd6 23. Bc3 Bb4 24. Ne5 Rd6 25. Bxb4 Qxb4 26. a3 Qa5 27. f4 g6
28. Kh2 Rd4 29. Ra1 Nh5 30. Qe3 f6 31. Ng4 Rxd3 32. Qxe6+ Kg7 33. Qe7+ Bf7 34.
Ne5 fxe5 35. fxe5 Rf8 36. Rae1 Qd8 37. Qxb7 Rd7 38. Qa6 Qc7 39. c5 Re7 40. Qd6
Rd8 41. Qxc7 Rxc7 42. e6 Be8 43. e7 Rdd7 44. Rf8 Nf6 45. Re6 Rxe7 46. Rfxf6 Rxe6
47. Rxe6 Bf7 48. Ra6 Bb3 49. Kg3 Rxc5 50. Rxa7+ Kh6 51. Rb7 Bd5 52. Rd7 Bc6 53.
Rd2 Kg5 54. Kh2 Kf4 55. Rd4+ Ke3 56. Rg4 Kd2 57. h4 Kc2 58. Rb4 Kb1 59. g4 Rc2+
60. Kg3 Rxb2 61. Rc4 Bb5 62. Rc7 h5 63. gxh5 gxh5 64. Kf4 Be2 65. Ra7 Ka2 66. a4
Rb4+ 67. Kg3 Rg4+ 68. Kf2 Bc4 69. Rb7 Rxh4 70. a5 Ka3 71. Rb6 Rf4+ 72. Kg3 Rg4+
73. Kh3 Bf1+ 74. Kh2 Rg2+ 75. Kh3 Rg4+ 76. Kh2 Ra4 77. Rb1 Bc4 78. Rc1 Kb4 79.
Rb1+ Kc5 80. Re1 Rxa5 81. Kg3 Kd4 82. Kh4 Bf7 83. Rf1 Ra7 84. Kg5 Ra5+ 85. Kh4
Be6 86. Rd1+ Kc3 87. Rd6 Bg4 88. Rd8 Ra4 89. Rd6 Rd4 90. Rb6 Kd3 91. Kg3 Ke4 92.
Kh4 Kf3 93. Rb3+ Kg2 94. Rb2+ Be2+ 95. Kg5 Kf2 96. Rb3 Rg4+ 97. Kf5 Rg3 98. Rb2
h4 99. Kf4 Rf3+ 100. Ke4 h3 0-1

[Event "16th ch-EUR Indiv w 2015"]
[Site "Chakvi GEO"]
[Date "2015.05.27"]
[Round "8.25"]
[White "Charkhalashvili, Inga"]
[Black "Gaboyan, Susanna"]
[Result "1-0"]
[WhiteTitle "WGM"]
[WhiteElo "2318"]
[BlackElo "2153"]
[WhiteFideId "13601431"]
[BlackFideId "13303627"]
[EventDate "2015.05.19"]

1. d4 Nf6 2. c4 g6 3. f3 d5 4. cxd5 Nxd5 5. e4 Nb6 6. Nc3 Bg7 7. Be3 Nc6 8. d5
Ne5 9. f4 Ng4 10. Bb5+ Kf8 11. Bc5 h5 12. h3 Nf6 13. Nge2 a6 14. Bd3 c6 15. dxc6
bxc6 16. O-O Nfd7 17. Be3 e5 18. Qb3 Rb8 19. Rad1 Bf6 20. Qc2 Kg7 21. fxe5 Bxe5
22. Nd4 Qc7 23. Nf3 Bf6 24. b3 Re8 25. Qc1 Qd8 26. e5 Be7 27. Bh6+ Kg8 28. Qf4
Bc5+ 29. Kh1 Qe7 30. e6 fxe6 31. Bxg6 Rd8 32. Bxh5 Bb7 33. Qg3+ Kh8 34. Ng5 Rg8
35. Rf7 1-0

[Event "16th ch-EUR Indiv w 2015"]
[Site "Chakvi GEO"]
[Date "2015.05.27"]
[Round "8.27"]
[White "Mammadova, Gulnar"]
[Black "Sviridova, Vlada"]
[Result "1-0"]
[WhiteTitle "WGM"]
[BlackTitle "WFM"]
[WhiteElo "2293"]
[BlackElo "2087"]
[WhiteFideId "13403508"]
[BlackFideId "24109606"]
[EventDate "2015.05.19"]

1. e4 e6 2. d4 d5 3. Nc3 Nf6 4. Bg5 dxe4 5. Nxe4 Nbd7 6. Nf3 h6 7. Nxf6+ Nxf6 8.
Bh4 c5 9. Bd3 Qa5+ 10. c3 cxd4 11. Nxd4 Bd7 12. O-O Bd6 13. Re1 O-O-O 14. Qf3
Qc7 15. h3 Bh2+ 16. Kh1 Bf4 17. Bxf6 gxf6 18. a4 Kb8 19. Nb5 Bc6 20. Be4 Bxb5
21. axb5 Be5 22. Ra4 f5 23. Bd3 b6 24. Qe3 Bf4 25. Qf3 Rd7 26. Rc4 Rxd3 27. Qxd3
Qd6 28. Rd4 Qc7 29. Rd7 Qc5 30. Qd4 Qxd4 31. cxd4 Rf8 32. g3 Bc7 33. Rc1 Bd8 34.
Kg2 h5 35. Kf3 h4 36. gxh4 Rh8 37. h5 Bf6 38. Rcc7 Rxh5 39. Rb7+ Kc8 40. Rdc7+
Kd8 41. Rxf7 1-0

[Event "16th ch-EUR Indiv w 2015"]
[Site "Chakvi GEO"]
[Date "2015.05.27"]
[Round "8.28"]
[White "Zhorzholiani, Meri"]
[Black "Daulyte, Deimante"]
[Result "0-1"]
[WhiteTitle "WFM"]
[BlackTitle "IM"]
[WhiteElo "2071"]
[BlackElo "2402"]
[WhiteFideId "13604031"]
[BlackFideId "12802859"]
[EventDate "2015.05.19"]

1. e4 c5 2. c4 Nc6 3. Nc3 g6 4. g3 Bg7 5. Bg2 d6 6. d3 e6 7. Nge2 Nge7 8. O-O
O-O 9. Rb1 Nd4 10. Nxd4 cxd4 11. Ne2 a5 12. b3 Rb8 13. Bg5 Bd7 14. Qd2 Re8 15.
Qf4 Qc7 16. Qh4 Nc6 17. a3 b5 18. Rfd1 Qa7 19. Bd2 a4 20. b4 Ne5 21. Bf4 Rbc8
22. Bxe5 Bxe5 23. Rbc1 Qa6 24. Bf1 Rc7 25. Nf4 Qb7 26. Nh3 Bg7 27. f3 Rec8 28.
Nf2 bxc4 29. dxc4 Bb5 30. Ng4 h5 31. Nf6+ Kf8 32. Nh7+ Kg8 33. Nf6+ Kf8 34. Nh7+
Kg8 35. Nf6+ Bxf6 36. Qxf6 Bxc4 37. Qxd4 Bxf1 38. Rxc7 Qxc7 39. Kxf1 Qc2 40. Rd2
Qc1+ 41. Kg2 Qxa3 42. Qxd6 Qb3 43. Rd3 Rc2+ 44. Kh3 Qb2 45. Kh4 Rxh2+ 46. Kg5
Kg7 47. e5 f6+ 48. Kf4 g5+ 49. Ke4 f5+ 0-1

[Event "16th ch-EUR Indiv w 2015"]
[Site "Chakvi GEO"]
[Date "2015.05.27"]
[Round "8.29"]
[White "Baraeva, Marina"]
[Black "Schleining, Zoya"]
[Result "0-1"]
[WhiteTitle "WIM"]
[BlackTitle "WGM"]
[WhiteElo "2204"]
[BlackElo "2375"]
[WhiteFideId "24142573"]
[BlackFideId "4671660"]
[EventDate "2015.05.19"]

1. Nf3 g6 2. g3 Bg7 3. Bg2 e5 4. d3 d5 5. O-O Nc6 6. e4 Nge7 7. Nbd2 O-O 8. a4
a5 9. Re1 b6 10. exd5 Nxd5 11. Nc4 Re8 12. Bg5 f6 13. Be3 Be6 14. Qd2 Qd7 15.
Bh6 Bh8 16. h4 Rad8 17. Kh2 Nde7 18. Qe2 Nf5 19. Be3 Bxc4 20. dxc4 e4 21. Ng1
Ncd4 22. Bxd4 Nxd4 23. Qd2 f5 24. Qc1 Qf7 25. Bf1 Be5 26. Ra3 f4 27. Kg2 Bd6 28.
c5 Bxc5 29. Rc3 Kh8 30. Nh3 Nf3 31. Rd1 fxg3 32. fxg3 Qf6 33. Rxd8 Rxd8 34. Qf4
Rd2+ 35. Be2 Rxe2+ 36. Kf1 Qxf4 37. gxf4 Rh2 0-1

[Event "16th ch-EUR Indiv w 2015"]
[Site "Chakvi GEO"]
[Date "2015.05.27"]
[Round "8.30"]
[White "Osmanodja, Filiz"]
[Black "Khurtsilava, Inga"]
[Result "1-0"]
[WhiteTitle "WIM"]
[BlackTitle "WGM"]
[WhiteElo "2352"]
[BlackElo "2212"]
[WhiteFideId "24633569"]
[BlackFideId "13600419"]
[EventDate "2015.05.19"]

1. e4 e5 2. Nf3 Nc6 3. Bb5 Nge7 4. c3 d5 5. Nxe5 dxe4 6. Qe2 Be6 7. Qxe4 Bd5 8.
Qg4 h5 9. Qh3 a6 10. Bxc6+ Nxc6 11. Nxc6 Bxc6 12. O-O Rh6 13. Re1+ Be7 14. d4
Rg6 15. f3 Qd5 16. Nd2 Bd7 17. Qh4 Be6 18. Qe4 Qd7 19. b3 O-O-O 20. Bb2 Bf6 21.
Re2 Bd5 22. Qd3 c5 23. Ne4 Qc6 24. Rf1 c4 25. Qc2 h4 26. Ba3 Rd7 27. Qd2 h3 28.
g3 Bd8 29. Qf4 Bc7 30. Qf5 Be6 31. Qc5 cxb3 32. axb3 Bxb3 33. Qxc6 bxc6 34. Nc5
Bc4 35. Re8+ Rd8 36. Rfe1 a5 37. Kf2 Rh6 38. Bc1 Rh8 39. R8e7 Bd6 40. Ra7 Bxc5
41. dxc5 Rhe8 42. Be3 Rd3 43. Rxa5 Rxc3 44. Ra8+ Kd7 45. Rxe8 Rc2+ 46. Bd2 Rxd2+
47. Ke3 Rxh2 48. Rh8 Be6 49. Ra1 Ke7 50. g4 Rc2 51. Ra5 h2 52. Kf4 Kf6 53. Kg3
Bd5 54. Ra3 Rxc5 55. Rxh2 g5 56. Re2 Rc4 57. Ree3 Rb4 58. Ra6 Rf4 59. Rb6 Rc4
60. Rb8 Rf4 61. Rc8 Rd4 62. Rc7 Rd1 63. Rd7 Rd4 64. Rd6+ Kg7 65. Re5 f6 66. Re7+
Kg6 67. Rdd7 f5 68. Rd6+ 1-0

[Event "16th ch-EUR Indiv w 2015"]
[Site "Chakvi GEO"]
[Date "2015.05.27"]
[Round "8.31"]
[White "Ovod, Evgenija"]
[Black "Zaksaite, Salomeja"]
[Result "1-0"]
[WhiteTitle "IM"]
[BlackTitle "WIM"]
[WhiteElo "2320"]
[BlackElo "2203"]
[WhiteFideId "4131827"]
[BlackFideId "12801496"]
[EventDate "2015.05.19"]

1. d4 Nf6 2. Bg5 c5 3. Bxf6 gxf6 4. d5 Qb6 5. Qc1 f5 6. c4 Qb4+ 7. Nd2 d6 8. a3
Qb6 9. Qc2 Bg7 10. Rb1 e6 11. e3 Nd7 12. Ne2 Nf6 13. Nc3 Bd7 14. Bd3 O-O 15. h3
h6 16. O-O Qc7 17. f4 a6 18. e4 b5 19. dxe6 fxe6 20. exf5 d5 21. fxe6 Bxe6 22.
Rbe1 bxc4 23. Rxe6 cxd3 24. Qxd3 c4 25. Qd4 Rad8 26. Nf3 Ne4 27. Ne5 Nc5 28. Rg6
Nb3 29. Qd1 d4 30. Ne4 d3 31. Ng3 d2 32. Nh5 Qc5+ 33. Kh2 Qxe5 34. fxe5 Rxf1 35.
Rxg7+ Kh8 36. Qxf1 d1=Q 37. Qf5 1-0

[Event "16th ch-EUR Indiv w 2015"]
[Site "Chakvi GEO"]
[Date "2015.05.27"]
[Round "8.32"]
[White "Kazimova, Narmin"]
[Black "Bokuchava, Madona"]
[Result "1-0"]
[WhiteTitle "WGM"]
[BlackTitle "WFM"]
[WhiteElo "2259"]
[BlackElo "2063"]
[WhiteFideId "13402951"]
[BlackFideId "13603663"]
[EventDate "2015.05.19"]

1. d4 g6 2. c4 Bg7 3. Nf3 d6 4. g3 Nd7 5. Bg2 c5 6. O-O cxd4 7. Nxd4 Qb6 8. Nb5
a6 9. N5c3 Ngf6 10. Na3 O-O 11. Nc2 Ne5 12. b3 Bd7 13. Bd2 Rac8 14. h3 Rfe8 15.
Rc1 h5 16. Kh1 Bc6 17. e4 e6 18. Be3 Qc7 19. f4 Ned7 20. b4 Nb6 21. Na3 Red8 22.
Qb3 Be8 23. Nd5 Nbxd5 24. cxd5 Qe7 25. Bb6 Rxc1 26. Rxc1 Rd7 27. Qd3 Bh6 28. Rf1
exd5 29. exd5 Qf8 30. Nc4 Bg7 31. Rc1 Nh7 32. a4 Bf6 33. Na5 Be7 34. Rc8 Nf6 35.
Qe3 Kh7 36. Rb8 Qg8 37. Nxb7 h4 38. g4 Qf8 39. Na5 Ng8 40. Nc6 f5 41. g5 Qf7 42.
Qe1 Kg7 43. Qxh4 Kf8 44. b5 axb5 45. axb5 1-0

[Event "16th ch-EUR Indiv w 2015"]
[Site "Chakvi GEO"]
[Date "2015.05.27"]
[Round "8.33"]
[White "Balajayeva, Khanim"]
[Black "Isgandarova, Khayala"]
[Result "1-0"]
[WhiteTitle "WCM"]
[BlackTitle "WIM"]
[WhiteElo "2130"]
[BlackElo "2243"]
[WhiteFideId "13406396"]
[BlackFideId "13401823"]
[EventDate "2015.05.19"]

1. e4 e6 2. d4 d5 3. Nc3 Nf6 4. Bg5 Be7 5. e5 Nfd7 6. Bxe7 Qxe7 7. f4 a6 8. Qg4
f5 9. Qh5+ Qf7 10. Qe2 c5 11. Nf3 cxd4 12. Nxd5 exd5 13. e6 Qf6 14. exd7+ Kxd7
15. O-O-O Nc6 16. Qf2 Re8 17. Nxd4 Kc7 18. g3 Re4 19. Nb3 Qe7 20. Bd3 Ra4 21.
Rhe1 Qd6 22. a3 d4 23. Bf1 Bd7 24. c3 Rc8 25. Nxd4 Nxd4 26. Rxd4 Rxd4 27. Qxd4
Qxd4 28. cxd4 Kd6+ 29. Kd2 Ba4 30. Bd3 g6 31. Re5 Bb3 32. h3 h5 33. g4 fxg4 34.
hxg4 hxg4 35. Rg5 Rh8 36. Rxg4 Bf7 37. Bxg6 Rh2+ 38. Kc3 Rh3+ 39. Bd3 b5 40. Rg2
Bc4 41. Rd2 Rf3 42. b3 Be6 43. a4 Kd5 44. axb5 axb5 45. Kb4 Rxf4 46. Bxb5 Rxd4+
47. Bc4+ 1-0

[Event "16th ch-EUR Indiv w 2015"]
[Site "Chakvi GEO"]
[Date "2015.05.27"]
[Round "8.34"]
[White "Korenova, Martina"]
[Black "Kasoshvili, Tsiala"]
[Result "0-1"]
[WhiteTitle "WIM"]
[BlackTitle "WIM"]
[WhiteElo "2241"]
[BlackElo "2179"]
[WhiteFideId "302805"]
[BlackFideId "13600354"]
[EventDate "2015.05.19"]

1. e4 d5 2. exd5 Qxd5 3. Nc3 Qd6 4. Nf3 Nf6 5. d4 c6 6. Be2 Bf5 7. O-O Nbd7 8.
b3 e6 9. Bb2 Be7 10. Re1 O-O 11. Nh4 Bg6 12. Nxg6 hxg6 13. Bf3 Rfd8 14. a4 Qc7
15. a5 Bb4 16. a6 b5 17. Re3 Rac8 18. Ne2 Bd6 19. Rc3 Qb6 20. Rd3 Qc7 21. c4
Bxh2+ 22. Kh1 e5 23. Bxc6 bxc4 24. bxc4 e4 25. Bxe4 Nxe4 26. Qe1 Bd6 27. c5 Bf8
28. f3 Nef6 29. Qd2 Nd5 30. Bc3 Qc6 31. Ng3 N7f6 32. Ba5 Re8 33. Rb3 Qxa6 34.
Qb2 Qc6 35. Bd2 Qc7 36. Nf1 Rb8 37. Ra6 Rxb3 38. Qxb3 Rb8 39. Qa2 Ra8 40. Ba5
Qf4 41. Qc4 Rc8 42. Qd3 Qh4+ 43. Nh2 Nf4 44. Qf1 Re8 45. Bd2 Ne2 46. Be1 Qxd4
47. Bf2 Qd7 48. Ra2 Nf4 49. Kg1 Ne6 50. Qc1 Rc8 51. Rc2 Qc6 0-1